| 000 | 00604nam a22001817a 4500 | ||
|---|---|---|---|
| 003 | KOHA_MİRAKIL | ||
| 005 | 20251127101454.0 | ||
| 008 | 251127b tu ||||| |||| 00| 0 tur d | ||
| 020 | _a9786259874197 | ||
| 040 |
_aTR-AnABB _btur _cTR-AnABB |
||
| 041 | _atur | ||
| 082 |
_a342.56102643 _bPRO 2024 |
||
| 245 | 1 | 0 |
_aProf. Dr. Zühtü Arslan'a armağan / _cProf. Dr. Engin Yıldırım, Prof. Dr. Yusuf Şevki Hakyemez, Dr. Murat Şen, Dr. Ömer Gedik, |
| 260 |
_aAnkara : _bAnayasa Mahkemesi Yayınları, _c2024 |
||
| 300 |
_a1101 sayfa ; _c21 cm |
||
| 650 | 0 | 4 | _aAnayasa Mahkemesi |
| 942 |
_2ddc _cBK |
||
| 999 |
_c9664 _d9664 |
||
| 900 | _bGizem YORULMAZ | ||